[Event "ICS rated blitz match"]
[Site "204.178.125.65"]
[Date "1999.11.11"]
[Round "?"]
[White "Hossa"]
[Black "PostModernist"]
[Result "0-1"]
[WhiteElo "2424"]
[BlackElo "2527"]
[PlyCount "176"]
[EventDate "1999.??.??"]

1. d4 Nf6 2. c4 e6 3. Nc3 Bb4 4. Qb3 Nc6 5. e3 O-O 6. Nf3 Qe7 7. Bd2 Rd8 8. Bd3
d5 9. cxd5 exd5 10. a3 Bxc3 11. bxc3 b6 12. Qd1 Bg4 13. O-O Na5 14. a4 Bxf3 15.
gxf3 c5 16. Rb1 Nc4 17. Bc1 Rac8 18. Bf5 Rc7 19. Re1 Re8 20. Qd3 Qd6 21. e4
cxd4 22. cxd4 h6 23. Rd1 Qe7 24. e5 Nh5 25. f4 g6 26. Qh3 Ng7 27. Bd3 Qe6 28.
f5 Nxf5 29. Bxf5 Qxf5 30. Qxf5 gxf5 31. Bxh6 Na3 32. Rb3 Nc2 33. Kh1 Re6 34.
Rg1+ Rg6 35. Rxg6+ fxg6 36. Rb5 Nxd4 37. Rxd5 Nb3 38. Rd8+ Kf7 39. Rf8+ Ke6 40.
f4 Kd5 41. Rd8+ Ke4 42. Rd1 ({-0.76 Hiarcs 7.32:} 42. Rd6 42... Nd4 43. Kg2
Rc2+ 44. Kh3 Rc3+ 45. Kg2 45... Rc2+ {0.00/9}) 42... Nd4 43. Re1+ Kd5 44. Rg1
Rc2 45. Rd1 ({-1.41 Hiarcs 7.32:} 45. Rg3 45... Rf2 46. Kg1 Ra2 47. Rxg6 Nf3+
48. Kf1 Nxh2+ 49. Ke1 Nf3+ 50. Kd1 Rxa4 51. Rd6+ 51... Kc5 {-0.55/8}) 45... Rc4
46. Bg7 Ke4 47. Re1+ Kf3 48. Rf1+ ({-2.55 Hiarcs 7.32:} 48. a5 48... bxa5 49.
Bh6 a4 50. Rf1+ {-1.56/8}) 48... Kg4 49. Kg2 Ne6 50. h3+ Kh5 51. Bf6 Nxf4+ 52.
Kg3 Ne6 53. Ra1 Nc5 54. a5 Nb3 55. Rd1 bxa5 56. Rd7 f4+ 57. Kf3 g5 58. Rh7+ ({
-1.14 Hiarcs 7.32:} 58. e6 58... Rc6 59. e7 Re6 60. Rd5 Re3+ 61. Kf2 Kg6 62.
Bxg5 62... a4 {0.30/7}) 58... Kg6 59. Rg7+ Kf5 60. Rxg5+ Ke6 61. Rg8 ({
-1.53 Hiarcs 7.32:} 61. Rg6 61... Nd2+ 62. Ke2 Ne4 63. Bg7+ Kf5 64. Ra6 Rc2+
65. Ke1 Rc7 66. Bf6 66... f3 {-1.14/8}) 61... Nd2+ 62. Ke2 Ne4 63. Kd3 Ra4 64.
Re8+ Kf5 65. Bg7 Ra3+ 66. Kd4 ({-2.86 Hiarcs 7.32:} 66. Kc4 66... Rxh3 67. Rf8+
Kg6 68. Bh8 f3 69. Kd5 Nd2 70. e6 f2 71. e7 Rh5+ 72. Kd6 Ne4+ 73. Ke6 {-1.97/8}
) 66... Ng5 67. Re7 Ne6+ 68. Kd5 Rd3+ 69. Kc4 Rxh3 70. Rf7+ Ke4 71. Bf6 f3 72.
Rd7 ({-7.05 Hiarcs 7.32:} 72. Rb7 72... f2 73. Rb1 a4 74. Be7 Kxe5 75. Rf1 Rf3
76. Bb4 a3 77. Bc3+ 77... Ke4 {-4.81/10}) 72... Rh1 73. Rd2 Ke3 74. Rd3+ Ke2
75. Rxf3 Kxf3 76. Kb5 Nd4+ 77. Ka6 ({-19.05 Hiarcs 7.32:} 77. Kxa5 77... Ke4
78. Ka6 Rh7 79. Ka5 Nc6+ 80. Ka6 80... Nxe5 {-7.13/8}) 77... a4 78. e6 Nxe6 79.
Kxa7 ({-30.69 Hiarcs 7.32:} 79. Kb7 79... a3 {-19.69/10}) 79... a3 80. Kb7 a2
81. Kc6 Ke4 82. Be7 Nd4+ 83. Kb6 a1=Q 84. Bc5 Qb2+ 85. Kc7 ({-#5 Hiarcs 7.32:} 
85. Ka7 85... Ra1+ 86. Ba3 Kd5 87. Ka8 87... Rxa3# {-31.36/4}) 85... Rh7+ 86.
Be7 Rxe7+ 87. Kd8 Nc6+ 88. Kc8 88... Qb7# {Hossa checkmated} 0-1

[Event "ICS rated blitz match"]
[Site "204.178.125.65"]
[Date "1999.11.11"]
[Round "?"]
[White "Hossa"]
[Black "Frankly2"]
[Result "0-1"]
[WhiteElo "2413"]
[BlackElo "2644"]
[PlyCount "94"]
[EventDate "1999.??.??"]

1. e4 c5 2. Nf3 Nc6 3. Nc3 g6 4. d4 Bg7 5. dxc5 Qa5 6. Bd3 Bxc3+ 7. bxc3 Qxc3+
8. Bd2 Qxc5 9. O-O Nf6 10. Rb1 O-O 11. Bh6 Rd8 12. Ng5 d5 13. Rb5 Qd6 14. Qa1
Ne5 15. h3 a6 16. Rb2 Nh5 17. exd5 Nxd3 18. cxd3 Qxd5 19. Rb3 Bd7 20. Re1 Bc6
21. Nf3 Qd6 22. Ne5 Bd5 23. Rb2 Rac8 24. d4 f6 25. Nd3 Rc4 26. Rbe2 e6 27. a3
Rdc8 28. Qb2 g5 29. Rd2 Nf4 30. Re3 Nxg2 31. Ree2 Nh4 32. f4 Nf3+ 33. Kf2 Nxd4
34. Re1 Nf5 35. Kg1 Rc3 36. Bxg5 fxg5 37. a4 gxf4 38. a5 f3 39. Ne5 Ne3 40.
Rxd5 Rc2 41. Qxc2 Rxc2 42. Rxe3 Qxd5 43. Nxf3 Qc5 44. Kh1 Qxe3 45. Ng1 Qe4+ 46.
Nf3 Qxf3+ 47. Kg1 47... Qd1# {Hossa checkmated} 0-1

[Event "ICS rated blitz match"]
[Site "204.178.125.65"]
[Date "1999.11.11"]
[Round "?"]
[White "Hossa"]
[Black "Jespi"]
[Result "1-0"]
[WhiteElo "2396"]
[BlackElo "2065"]
[PlyCount "109"]
[EventDate "1999.??.??"]

1. c4 Nf6 2. Nc3 d6 3. d4 e5 4. dxe5 dxe5 5. Qxd8+ Kxd8 6. Nf3 Nfd7 7. e4 c6 8.
Be2 f6 9. O-O Nb6 10. Be3 Be6 11. Rfd1+ Kc7 12. Bxb6+ axb6 13. a3 Nd7 14. Nd2
Nc5 15. a4 Be7 16. b3 Rhd8 17. Ra2 Rd7 18. Rc2 Rad8 19. Nd5+ cxd5 20. cxd5 Bf7
21. Bg4 Rd6 22. b4 h5 23. bxc5 bxc5 24. Rxc5+ Rc6 25. Rcc1 Rxc1 26. Rxc1+ Kb8
27. Bh3 b6 28. Rc4 Kb7 29. Nf3 g5 30. Bf5 Bc5 31. h3 h4 32. Kf1 Ka6 33. g3 hxg3
34. fxg3 Ka5 35. Nd2 Ka6 36. Nb3 Bd6 37. Kf2 Be8 38. h4 gxh4 39. gxh4 Bd7 40.
Bxd7 Rxd7 41. Kf3 Rg7 42. Rc6 Rd7 43. a5 Kb5 44. axb6 Kb4 45. Nd2 Bc5 46. Rc7
Rd8 47. b7 Rb8 48. h5 Kb5 49. h6 Bd6 50. Rc6 Rxb7 51. Rxd6 Rh7 52. Rxf6 Kc5 53.
Rc6+ Kd4 54. Ke2 Rf7 55. Rc4# {Jespi checkmated} 1-0

[Event "ICS Rated standard match"]
[Site "204.178.125.65"]
[Date "1999.11.11"]
[Round "?"]
[White "PostModernist"]
[Black "Hossa"]
[Result "0-1"]
[WhiteElo "2380"]
[BlackElo "2344"]
[PlyCount "118"]
[EventDate "1999.??.??"]

1. d4 Nf6 2. c4 e6 3. Nf3 d5 4. Nc3 Be7 5. cxd5 exd5 6. Bg5 O-O 7. e3 Be6 8.
Bd3 Nbd7 9. Qc2 h6 10. Bh4 c5 11. O-O cxd4 12. Nxd4 Rc8 13. Rac1 Ne5 14. Bf5
Qd7 15. Rfd1 Rc4 16. Bxf6 Bxf6 17. Nxe6 fxe6 18. Rxd5 Qf7 19. Bh7+ Kh8 20. Ra5
Ng4 21. Bd3 Qc7 22. Rh5 Rc5 23. Rxc5 Qxh2+ 24. Kf1 Bxc3 25. Rf5 exf5 26. Qxc3
Qh1+ 27. Ke2 Qxg2 28. Rf1 Re8 29. Ke1 f4 30. e4 Nh2 31. f3 Nxf3+ 32. Kd1 Ne5
33. Bb5 Rd8+ 34. Kc1 Qxe4 35. Re1 Nd3+ 36. Bxd3 Qxd3 37. Qxd3 Rxd3 38. Re7 f3
39. Rxb7 Kg8 40. Rb8+ Kf7 41. Rb7+ Kg6 42. Rb4 Rd6 43. Rg4+ Kf7 44. Rf4+ Rf6
45. Rxf6+ Kxf6 46. Kd2 g5 47. Ke3 g4 48. Kf2 Ke5 49. b4 Kf4 50. a4 g3+ 51. Kf1
Ke3 52. b5 g2+ 53. Kg1 Ke2 54. a5 f2+ 55. Kxg2 f1=Q+ 56. Kg3 Qf3+ 57. Kh4 Kf2
58. b6 Qf4+ 59. Kh3 59... Qg3# {PostModernist checkmated} 0-1

[Event "ICS rated blitz match"]
[Site "204.178.125.65"]
[Date "1999.11.11"]
[Round "?"]
[White "Amateur"]
[Black "Hossa"]
[Result "1/2-1/2"]
[WhiteElo "2377"]
[BlackElo "2400"]
[PlyCount "274"]
[EventDate "1999.??.??"]

1. d4 Nf6 2. c4 e6 3. Nf3 d5 4. Nc3 Be7 5. Bg5 O-O 6. e3 h6 7. Bh4 b6 8. Be2
Bb7 9. O-O dxc4 10. Bxc4 c5 11. dxc5 Bxc5 12. Qxd8 Rxd8 13. Bxf6 gxf6 14. Be2
Nd7 15. Nd4 Rac8 16. Rfd1 Ne5 17. Nc2 Rxd1+ 18. Rxd1 a6 19. e4 b5 20. Rd2 b4
21. Na4 Be7 22. Ne3 Rc1+ 23. Nf1 Bc6 24. Nb6 a5 25. Nc8 Bc5 26. Bd1 Bxe4 27.
Rd8+ Kg7 28. Be2 Rc2 29. Ng3 Bb7 30. Nd6 Bxd6 31. Rxd6 Rxb2 32. f4 Ng6 33. Nh5+
Kf8 34. Bb5 Rxg2+ 35. Kf1 Kg8 36. Rd8+ Nf8 37. Nxf6+ Kg7 38. Nh5+ Kg6 39. Be2
Rxe2 40. Kxe2 Nh7 41. Ng3 Bd5 42. f5+ Kf6 43. fxe6 fxe6 44. Rd7 Kg6 45. h4 Nf6
46. Ra7 Bxa2 47. Rxa5 Bd5 48. Kd3 e5 49. Ne2 Kh5 50. Ra6 Nd7 51. Rd6 Be6 52.
Ke3 Bg4 53. Nc1 Bf5 54. Nb3 Kxh4 55. Rxh6+ Kg5 56. Rc6 Nf6 57. Rc5 Kg6 58. Rb5
Bd7 59. Rb8 Be6 60. Nc5 Bf5 61. Ke2 Nd5 62. Na6 e4 63. Nxb4 Bg4+ 64. Ke1 Nf4
65. Kf2 Bf3 66. Nc6 Kg5 67. Nd4 Bh5 68. Rb5+ Kg4 69. Ke3 Bg6 70. Nc6 Ng2+ 71.
Kd4 Nh4 72. Ne5+ Kf4 73. Nxg6+ Nxg6 74. Rb8 Ne7 75. Re8 Nf5+ 76. Kc3 Ke3 77.
Rf8 Nd6 78. Rf6 Nb5+ 79. Kb4 Nd4 80. Kc3 Ne2+ 81. Kc4 Nf4 82. Rf8 Kf3 83. Kc3
e3 84. Kc2 Kg3 85. Kc3 e2 86. Kd2 e1=Q+ 87. Kxe1 Nd3+ 88. Ke2 Nf4+ 89. Ke3 Nd5+
90. Ke4 Nc3+ 91. Kd4 Ne2+ 92. Kd3 Nf4+ 93. Ke4 Ne2 94. Rf3+ Kg4 95. Rf7 Nc3+
96. Kd4 Ne2+ 97. Ke5 Kg3 98. Rb7 Kf3 99. Rg7 Ke3 100. Rg4 Kd3 101. Rh4 Kc3 102.
Rh8 Kd3 103. Rg8 Kc4 104. Rd8 Kc3 105. Rd7 Kc4 106. Rd6 Kc5 107. Rd2 Nc3 108.
Rb2 Nd1 109. Rc2+ Kb4 110. Kd4 Kb3 111. Rc8 Nb2 112. Rb8+ Kc2 113. Rc8+ Kb3
114. Rg8 Kc2 115. Rg2+ Kb3 116. Rg3+ Kc2 117. Rc3+ Kd2 118. Rg3 Kc2 119. Rh3
Kd1 120. Rh2 Kc1 121. Re2 Nd1 122. Rh2 Nb2 123. Rf2 Kb1 124. Rd2 Kc1 125. Rg2
Nd1 126. Re2 Nb2 127. Rh2 Na4 128. Rf2 Nb2 129. Rf1+ Kc2 130. Rg1 Kd2 131. Rg2+
Kc1 132. Rg8 Kc2 133. Rg6 Kb3 134. Rg8 Kc2 135. Ke4 Nc4 136. Rc8 Kb3 137. Rd8
137... Kc3 {Game drawn by the 50 move rule} 1/2-1/2

[Event "ICS rated blitz match"]
[Site "204.178.125.65"]
[Date "1999.11.11"]
[Round "?"]
[White "Hossa"]
[Black "Skeletor"]
[Result "0-1"]
[WhiteElo "2399"]
[BlackElo "2577"]
[PlyCount "168"]
[EventDate "1999.??.??"]

1. d4 Nf6 2. c4 g6 3. Nc3 Bg7 4. e4 d6 5. f4 O-O 6. Nf3 c5 7. d5 e6 8. Be2 exd5
9. cxd5 Bg4 10. e5 dxe5 11. fxe5 Bxf3 12. Bxf3 Nfd7 13. d6 Nc6 14. Bxc6 bxc6
15. O-O Nxe5 16. Na4 c4 17. Rf4 Nd3 18. Rxc4 Qxd6 19. Be3 Rfe8 20. Qd2 Qd5 21.
Rg4 f5 22. Rh4 Nxb2 23. Nxb2 Qxd2 24. Bxd2 Rab8 25. Rb4 Bxb2 26. Rd1 c5 27.
Rxb8 Bd4+ 28. Kf1 Rxb8 29. Bc1 Kf7 30. Ba3 a5 31. Rc1 Ke6 32. Bxc5 Bxc5 33.
Rxc5 Rb1+ 34. Kf2 Rb2+ 35. Kf3 Rxa2 36. h3 a4 37. Rc7 h5 38. Rc6+ Kf7 39. Kg3
g5 40. Ra6 h4+ 41. Kf3 Ra3+ 42. Ke2 g4 43. hxg4 fxg4 44. Kf1 Ra1+ 45. Kf2 Ra2+
46. Kf1 h3 47. gxh3 gxh3 48. Ra7+ Kf6 49. Kg1 a3 50. Kh1 Kf5 51. Ra5+ Kf4 52.
Ra8 Kg3 53. Rg8+ Kf3 54. Rf8+ Ke4 55. Ra8 Kf4 56. Rf8+ Ke3 57. Re8+ Kd4 58.
Rd8+ Kc3 59. Rc8+ Kb3 60. Rb8+ Kc2 61. Rc8+ Kd3 62. Rd8+ Kc4 63. Rc8+ Kb4 64.
Rb8+ Ka4 65. Ra8+ Kb5 66. Rb8+ Ka5 67. Ra8+ Kb6 68. Rb8+ Kc5 69. Ra8 Kd5 70.
Rd8+ Ke5 71. Re8+ Kf5 72. Rf8+ Kg5 73. Rg8+ Kf6 74. Rd8 Rb2 75. Rf8+ Ke7 76.
Rh8 Rb1+ 77. Kh2 a2 78. Rh7+ Kf6 79. Rc7 a1=Q 80. Rc6+ Ke5 81. Kxh3 Rb3+ 82.
Kg2 Qa2+ 83. Rc2 Qxc2+ 84. Kh1 84... Rb1# {Hossa checkmated} 0-1

[Event "ICS rated blitz match"]
[Site "204.178.125.65"]
[Date "1999.11.11"]
[Round "?"]
[White "MissSilicon"]
[Black "Hossa"]
[Result "1-0"]
[WhiteElo "2741"]
[BlackElo "2391"]
[PlyCount "105"]
[EventDate "1999.??.??"]

1. d4 Nf6 2. c4 e6 3. Nc3 Bb4 4. Qc2 d5 5. cxd5 Qxd5 6. Nf3 Nc6 7. e3 O-O 8.
Bd3 e5 9. O-O Bxc3 10. Qxc3 e4 11. Bc4 Qh5 12. Nd2 Bg4 13. h3 Bxh3 14. gxh3
Qxh3 15. Re1 Ng4 16. Nf1 Qh4 17. Re2 Rfd8 18. Qb3 Rf8 19. Qxb7 Na5 20. Bxf7+
Kxf7 21. Qd5+ Kf6 22. Bd2 c6 23. Qd6+ Kf7 24. Bxa5 Rac8 25. Bb4 Rfd8 26. Qf4+
Kg8 27. f3 exf3 28. Rh2 f2+ 29. Kh1 Qf6 30. Qxg4 Rb8 31. Ba3 Rb5 32. Qe2 Rg5
33. Rxf2 Qh6+ 34. Nh2 Rb5 35. Raf1 Rbb8 36. Be7 Qe6 37. Bxd8 Rxd8 38. Qf3 Qe8
39. Ng4 Qe7 40. Ne5 Re8 41. Qxc6 Qh4+ 42. Kg1 Qg5+ 43. Rg2 Qe7 44. Rf6 h6 45.
Qc4+ Kh7 46. Rxh6+ gxh6 47. Qc2+ Kh8 48. Ng6+ Kg8 49. Nxe7+ Kf7 50. Rg7+ Kf8
51. Qf5+ Kxg7 52. Qg6+ Kf8 53. Qf6# {Hossa checkmated} 1-0

[Event "ICS rated blitz match"]
[Site "204.178.125.65"]
[Date "1999.11.11"]
[Round "?"]
[White "Hossa"]
[Black "Amateur"]
[Result "1/2-1/2"]
[WhiteElo "2387"]
[BlackElo "2358"]
[PlyCount "83"]
[EventDate "1999.??.??"]

1. d4 Nf6 2. c4 g6 3. Nc3 Bg7 4. e4 d6 5. Be2 O-O 6. Nf3 e5 7. O-O exd4 8. Nxd4
Nbd7 9. f3 Nc5 10. Be3 Bd7 11. Qd2 Nh5 12. Bh6 Qh4 13. b4 Na6 14. Nd5 c6 15. b5
Nc5 16. Bxg7 Nxg7 17. Qe1 Qd8 18. bxc6 bxc6 19. Nb4 Nce6 20. Nbc2 Nf4 21. Qg3
Ngh5 22. Qf2 c5 23. Nb5 Bh3 24. g3 Nxe2+ 25. Qxe2 Bxf1 26. Rxf1 a6 27. Nc3 Qa5
28. Qd2 Rab8 29. Ne3 Rb7 30. Ned5 Qd8 31. Qh6 Nf6 32. Rd1 Nxd5 33. Nxd5 Re8 34.
h4 Rb2 35. h5 Rxa2 36. hxg6 fxg6 37. Rb1 Rf8 38. Rb7 Ra1+ 39. Kg2 Ra2+ 40. Kg1
Ra1+ 41. Kg2 Ra2+ 42. Kg1 {Game drawn by repetition} 1/2-1/2

[Event "ICS rated blitz match"]
[Site "204.178.125.65"]
[Date "1999.11.11"]
[Round "?"]
[White "PostModernist"]
[Black "Hossa"]
[Result "0-1"]
[WhiteElo "2535"]
[BlackElo "2386"]
[PlyCount "170"]
[EventDate "1999.??.??"]

1. e4 c5 2. c3 e6 3. d4 d5 4. e5 Bd7 5. Nf3 Qb6 6. Na3 cxd4 7. cxd4 Bb4+ 8. Bd2
Ne7 9. Bxb4 Qxb4+ 10. Qd2 Qxd2+ 11. Nxd2 Nbc6 12. Nc2 O-O 13. Bd3 f6 14. exf6
gxf6 15. O-O e5 16. dxe5 fxe5 17. Rfe1 Bf5 18. Bxf5 Nxf5 19. g4 Nh4 20. Rac1
Rad8 21. b4 a6 22. a3 Ng6 23. Nb3 Nf4 24. Nc5 b6 25. Nxa6 Nd3 26. b5 Na5 27.
Ncb4 Nxc1 28. Rxc1 Rf4 29. h3 Rf3 30. Nc7 d4 31. Ne6 Re8 32. Nc7 Rc8 33. Nbd5
Rb8 34. Re1 Nc4 35. Ne7+ Kh8 36. Nc6 Rb7 37. Ne6 d3 38. Ng5 Rf4 39. a4 d2 40.
Rd1 h6 41. Ne6 Rf6 42. Ncd8 Rd7 43. f4 exf4 44. g5 hxg5 45. Nxg5 Rxd8 46. Nf3
Rg6+ 47. Kf2 Kg7 48. h4 Rd5 49. h5 Rxh5 50. Ra1 Nb2 51. Nxd2 Rh2+ 52. Kf3 Rxd2
53. Kxf4 Rd4+ 54. Ke3 Rxa4 55. Rxa4 Nxa4 56. Kd3 Rg4 57. Ke3 Re4+ 58. Kxe4 Nc3+
59. Kd4 Nxb5+ 60. Kd5 Nc7+ 61. Kc6 b5 62. Kc5 Kf6 63. Kb4 Ke5 64. Kc5 Ke4 65.
Kb4 Kd4 66. Kb3 Na6 67. Kc2 Nc5 68. Kd2 b4 69. Kc2 b3+ 70. Kb2 Kc4 71. Kc1 Nd3+
72. Kd2 b2 73. Kc2 Kd4 74. Kb1 Kc3 75. Ka2 Nb4+ 76. Kb1 Nc2 77. Ka2 Nd4 78. Kb1
Ne2 79. Ka2 Nc1+ 80. Kb1 Nb3 81. Ka2 Kc2 82. Ka3 b1=Q 83. Kb4 Qf1 84. Ka3 Kc3
85. Ka2 85... Qa1# {PostModernist checkmated} 0-1

[Event "ICS Rated blitz match"]
[Site "204.178.125.65"]
[Date "1999.11.11"]
[Round "?"]
[White "Hossa"]
[Black "PostModernist"]
[Result "0-1"]
[WhiteElo "2420"]
[BlackElo "2513"]
[Annotator "Hiarcs 7.32 (22s)"]
[PlyCount "156"]
[EventDate "1999.??.??"]

1. d4 1... Nf6 {Opening = E00 - 3.g3 (d5 4.---)} 2. c4 e6 3. a3 {
Kontrolliert b4} 3... d5 4. Nc3 Be7 5. Nf3 b6 6. cxd5 exd5 7. Bg5 7... Bb7 $14
(7... Ba6 8. Bxf6 Bxf6 9. e3 Bxf1 10. Rxf1 $11) 8. e3 O-O 9. Bd3 Nbd7 10. O-O
c5 11. Bf5 Ne4 12. Bxe7 Qxe7 13. Nxe4 $15 (13. Qb3 13... Ndf6 $11) 13... dxe4
14. Nd2 cxd4 15. exd4 15... Rfd8 $14 (15... g6 $5 {
ist die kritische Fortsetzung} 16. Bh3 16... Nf6 $15) 16. Re1 {
Der Druck auf e4 waechst} 16... Nf6 17. Nxe4 Nxe4 18. Qd3 18... Nxf2 {
Schwarz muss Material zurueckgeben} 19. Bxh7+ Kf8 20. Rxe7 Nxd3 21. Rxb7 21...
Nxb2 $16 (21... Rxd4 $5 22. Rf1 22... Ne5 $14) 22. Rf1 {Droht Matt: Rfxf7}
22... f6 23. Rf4 (23. Rc1 Rdc8 24. Rxc8+ 24... Rxc8 $16) 23... Rdb8 24. Rxb8+
$11 (24. Rd7 $5 24... Rd8 25. Rc7 $14) 24... Rxb8 25. d5 Rc8 26. d6 $15 (26.
Rd4 $5 $11 {bedarf naeherer Analyse}) 26... Rc1+ 27. Kf2 Rc4 28. Kg3 $17 (28.
g3 Rxf4+ 29. gxf4 29... Nc4 $17) 28... Rxf4 29. Kxf4 Nc4 30. d7 {
Mit der Mattdrohung d8Q} 30... Ke7 31. Bf5 $19 (31. a4 $5 $17) 31... g5+ 32.
Kg3 32... Ne5 $17 (32... Nxa3 $5 33. Be6 33... b5 $19) 33. Kf2 Nxd7 34. g3 Ne5
35. h4 (35. a4 $5 $17) 35... gxh4 36. gxh4 b5 37. Bc2 Nc4 (37... Kf8 38. a4 b4
39. Bd1 $19) 38. a4 bxa4 39. Bxa4 f5 40. Bb5 Ne5 41. Kg3 Kf6 42. Kf4 Ng6+ 43.
Kg3 Ne7 44. Ba6 Nc6 45. Kf4 Nd4 46. Ke3 $19 (46. Kg3 $5 $17) 46... Ke5 47. h5 (
47. Kf2 $5 47... f4 $19) 47... f4+ 48. Kd2 Nf5 49. Kd3 (49. Bc4 49... Kf6 $19)
49... Nh6 $17 (49... Kf6 $19 $142 {laesst dem Gegner kaum Chancen}) 50. Ke2 $19
(50. Bb7 $5 $17) 50... Ke4 $15 (50... Kf6 $19 $142 {
und Schwarz bekommt die Oberhand}) 51. Bd3+ Kd4 52. Ba6 $2 $19 (52. Bc2 $5 $15
$142 {damit waere Weiss im Spiel geblieben}) 52... Ke5 53. Kf3 Kf5 54. Bb5 a5
55. Bc4 (55. Bd7+ 55... Kg5 $19) 55... a4 56. Bd3+ (56. Ke2 $19) 56... Ke5 $17
(56... Kg5 $19 $142 {liesse Weiss keine Chance}) 57. Bc4 $2 $19 (57. Be4 $17
$142) 57... a3 58. Bb3 (58. Ke2 Ke4 59. Bd3+ Kd5 60. Bb1 $19) 58... Kf5 59. Ba2
Kg5 60. Bc4 (60. Be6 {hilft auch nicht mehr} 60... Nf5 61. Bc4 Nh4+ 62. Ke2 f3+
63. Kf2 63... Kxh5 $19) 60... Ng4 61. Bb3 Ne5+ 62. Ke4 (62. Kg2 $19 {
wuerde die Partie noch etwas verlaengern}) 62... f3 63. Ke3 (63. Kxe5 {
ist noch eine Idee} 63... f2 64. Bc4 $19) 63... Kxh5 64. Be6 64... Kg5 $1 {
triumphiert} 65. Bd5 Kg4 66. Kd2 f2 67. Ke2 Kg3 68. Bb3 Kg2 69. Bd5+ Kg1 70.
Ke3 f1=Q 71. Ba2 Qd3+ (71... Qf2+ {und Schwarz haette es noch leichter} 72. Ke4
Qxa2 73. Kxe5 $19) 72. Kf4 Qd2+ (72... Nd7 $142 {ist der schnellste Weg} 73.
Kg5 $19) 73. Kf5 Qxa2 74. Kf4 Qe6 (74... Qd5 75. Kf5 Nd7+ 76. Kg6 a2 77. Kh6
Qf5 78. Kg7 Qh5 79. Kg8 Qg6+ 80. Kh8 a1=Q#) 75. Ke3 Qc4 76. Kd2 a2 (76... Qd4+
77. Kc2 a2 78. Kb3 Qc4+ 79. Kb2 Nd3+ 80. Ka3 a1=Q#) 77. Ke3 a1=Q 78. Kd2 Qac1#
0-1

[Event "ICS rated blitz match"]
[Site "204.178.125.65"]
[Date "1999.11.11"]
[Round "?"]
[White "Hossa"]
[Black "Amateur"]
[Result "1-0"]
[WhiteElo "2408"]
[BlackElo "2306"]
[Annotator "Hiarcs 7.32 (22s)"]
[PlyCount "97"]
[EventDate "1999.??.??"]

1. e4 1... e5 {Opening = C45 - 3.d4 ed4 4.Nd4} 2. Nf3 Nc6 3. d4 exd4 4. Nxd4
Bc5 5. Nb3 Bb6 6. Be2 $15 (6. Nc3 $5 $11) 6... Qh4 7. O-O 7... d6 {Befestigt c5
} 8. Qd3 Nf6 9. N1d2 $17 (9. Nc3 $5 $15) 9... Ne5 10. Qg3 Qxg3 11. hxg3 Be6 12.
a4 12... Nfg4 $15 (12... Bg4 $5 13. Nf3 13... Nxe4 $17) 13. a5 Bxf2+ 14. Rxf2
Nxf2 15. Kxf2 15... Ng4+ {Nicht von der Hand zu weisen} 16. Kg1 O-O 17. Nd4 Bd7
18. a6 b6 19. Nf5 Nf6 20. Ne7+ Kh8 21. Nd5 Nxd5 22. exd5 Rae8 23. Kf2 Re5 24.
Bf3 24... Bf5 $14 (24... Rfe8 25. b4 $11) 25. Nb3 $11 (25. Nc4 $5 25... Re7 26.
Ne3 $14) 25... Bxc2 26. Nd4 {Weiss erhaelt starke Initiative} 26... Bd3 $2 $16
(26... Be4 $142 {sieht noch spielbar aus} 27. Bxe4 27... Rxe4 $11) 27. Nc6 Ree8
28. Ra3 Bc4 29. b3 Bd3 30. b4 Bc4 31. Nxa7 Ra8 32. Rc3 32... Bxa6 $2 $18 (32...
Rxa7 $5 $142 33. Rxc4 33... b5 $18) 33. Rxc7 Bd3 (33... Rfb8 34. Bf4 Rb7 35.
Nb5 $18) 34. Bf4 Bg6 (34... Bf5 $18) 35. Bxd6 {
Der Freibauer d5 ist ein wichtiges Motiv} 35... Rg8 (35... Rfe8 {
kann das Vorangegangene nicht ungeschehen machen} 36. Be7 $1 {das wars} 36...
Bf5 37. g4 $18) 36. Be7 $1 {die Pointe} 36... Rae8 (36... Bf5 {
waere gleichermassen fruchtlos} 37. g4 Bd3 38. d6 $18) 37. d6 Bf5 38. Bc6 $1 {
ist die Ueberraschung!} 38... Rb8 39. d7 Be6 40. Bb7 Bxd7 41. Rxd7 h6 (41... h5
{holt die Kuh nicht vom Eis} 42. Bd5 Kh7 43. Bxf7 $18) 42. Nc6 Rbe8 43. Ne5 $1
{Boing!. Mit der Mattdrohung Nxf7} 43... f5 44. Bd5 Rb8 (44... h5 $18 {
der letzte Widerstandsversuch}) 45. Ng6+ Kh7 46. Bxg8+ Kxg8 47. Bd6 $1 {
entscheidend. Es droht Matt} 47... Re8 48. Be5 {Droht Matt} 48... Rxe5 49. Nxe5
(49. Nxe5 Kf8 50. Rb7 $18) 1-0

[Event "ICS rated blitz match"]
[Site "204.178.125.65"]
[Date "1999.11.11"]
[Round "?"]
[White "Hossa"]
[Black "MissSilicon"]
[Result "0-1"]
[WhiteElo "2419"]
[BlackElo "2745"]
[PlyCount "106"]
[EventDate "1999.??.??"]

1. e4 e5 2. Nf3 Nc6 3. d4 exd4 4. Nxd4 Nf6 5. Nxc6 bxc6 6. e5 Qe7 7. Qe2 Nd5 8.
c4 Nb6 9. Nd2 Qe6 10. a3 Be7 11. Nf3 Ba6 12. Nd4 Qg6 13. b3 c5 14. Nb5 Bxb5 15.
cxb5 O-O 16. f4 Bh4+ 17. g3 Bxg3+ 18. hxg3 Qxg3+ 19. Kd2 Qxf4+ 20. Kc2 Qf5+ 21.
Kb2 Rae8 22. Rh5 Qe6 23. Qh2 c4 24. Qh4 cxb3 25. Bd3 g6 26. Bh6 Qd5 27. Bf1
Rxe5 28. Qb4 Rfe8 29. Rxe5 Qxe5+ 30. Kxb3 Qxa1 31. Bd3 Qd1+ 32. Bc2 Qd5+ 33.
Kb2 g5 34. Qc3 Qxb5+ 35. Ka1 Qe5 36. Qxe5 Rxe5 37. a4 Nd5 38. Bd3 g4 39. Bd2 g3
40. Bf1 Re2 41. Ba5 Rf2 42. Bh3 Rh2 43. Be1 Rh1 44. Ka2 Rxe1 45. Kb3 Nf4 46.
Bxd7 g2 47. a5 g1=Q 48. Kc4 Rc1+ 49. Kb5 Qf1+ 50. Kb4 Qc4+ 51. Ka3 Qc3+ 52. Ka4
Ra1+ 53. Kb5 53... Rxa5# {Hossa checkmated} 0-1

[Event "ICS rated blitz match"]
[Site "204.178.125.65"]
[Date "1999.11.11"]
[Round "?"]
[White "MissSilicon"]
[Black "Hossa"]
[Result "0-1"]
[WhiteElo "2749"]
[BlackElo "2415"]
[PlyCount "125"]
[EventDate "1999.??.??"]

1. d4 Nf6 2. c4 e6 3. Nc3 Bb4 4. e3 O-O 5. Nge2 d5 6. a3 Be7 7. cxd5 exd5 8.
Ng3 c5 9. Bd3 Re8 10. O-O Nc6 11. dxc5 Bxc5 12. Nh5 Ne4 13. Qc2 Bg4 14. Bxe4
dxe4 15. Ng3 Qd3 16. Qa4 Ne5 17. h3 Bd7 18. Qxe4 Bc6 19. Qxd3 Nxd3 20. b4 Be7
21. b5 Bd7 22. Rd1 Nc5 23. Bb2 Rac8 24. Nd5 Bf8 25. a4 Be6 26. Ne2 Nb3 27. Ra2
Rc2 28. Nef4 Bf5 29. Nh5 Re6 30. Ng3 Bg6 31. Nf4 Rd6 32. Rxd6 Bxd6 33. h4 Be5
34. h5 Bxb2 35. hxg6 Nc1 36. gxf7+ Kxf7 37. Rxb2 Rxb2 38. Ne4 Ke7 39. Kh2 Ne2
40. Nd5+ Ke6 41. Nc7+ Kd7 42. Nd5 Rc2 43. f3 Rc4 44. a5 Ke6 45. Nf4+ Nxf4 46.
exf4 Ke7 47. Kg3 Ra4 48. a6 bxa6 49. bxa6 Rxa6 50. f5 Ra2 51. Nc3 Rb2 52. Nd5+
Kd6 53. Ne3 Re2 54. Kf4 a5 55. Nc4+ Kc5 56. Nxa5 Rb2 57. g4 Rb5 58. g5 Rxa5 59.
Ke5 Kc4+ 60. Ke4 Ra6 61. f4 h5 62. Ke3 Kd5 63. f6 {MissSilicon resigns} 0-1

[Event "ICS rated blitz match"]
[Site "204.178.125.65"]
[Date "1999.11.11"]
[Round "?"]
[White "Hossa"]
[Black "MissSilicon"]
[Result "0-1"]
[WhiteElo "2443"]
[BlackElo "2721"]
[PlyCount "166"]
[EventDate "1999.??.??"]

1. e4 e5 2. Nf3 Nc6 3. Bb5 Bc5 4. c3 Nf6 5. d3 Qe7 6. b4 Bb6 7. Ba4 O-O 8. b5
Nd8 9. O-O d6 10. Nbd2 d5 11. exd5 Nxd5 12. Bb2 Bg4 13. Qe2 f6 14. Qe4 Qd7 15.
Bb3 Be6 16. d4 exd4 17. Nxd4 f5 18. Qd3 Nf4 19. Qf3 Bxd4 20. cxd4 Bxb3 21. Nxb3
Nfe6 22. Rfc1 Ng5 23. Qf4 Nde6 24. Qe5 Rad8 25. Re1 Rf6 26. d5 Nf8 27. Nc5 Qxb5
28. Qxc7 Nf3+ 29. gxf3 Rg6+ 30. Kh1 Qxb2 31. Nd3 Qb6 32. Qc4 Qa6 33. Qxa6 Rxa6
34. Re7 Ra3 35. Nb4 a5 36. Nc2 Rxf3 37. Kg2 Rd3 38. Ne3 f4 39. Nf5 R3xd5 40.
Rxg7+ Kh8 41. Rf7 Ng6 42. Ne7 Rg5+ 43. Kf1 Nxe7 44. Rxe7 f3 45. h4 Rg4 46. Re5
Rxh4 47. Rg5 Rg8 48. Rg1 Rxg1+ 49. Kxg1 Rg4+ 50. Kf1 Rb4 51. Rd1 b5 52. Kg1
Rg4+ 53. Kf1 Rc4 54. Kg1 Ra4 55. Rd5 b4 56. Rd2 Ra3 57. Kh2 Kg7 58. Kh3 Kf7 59.
Kg4 Ke6 60. Kh5 a4 61. Kg4 Ke5 62. Rb2 b3 63. axb3 axb3 64. Kxf3 Kd4 65. Kg4
Kc3 66. Re2 Ra4+ 67. Kf3 b2 68. Re3+ Kc4 69. Re4+ Kb3 70. Re3+ Ka2 71. Re2 h5
72. Ke3 Ka1 73. Re1+ b1=R 74. Ke2 Re4+ 75. Kf3 Rbxe1 76. Kg3 Rg4+ 77. Kf3 Rg8
78. Kf4 h4 79. Kf5 Rf8+ 80. Kg6 Rg1+ 81. Kh7 h3 82. f3 h2 83. f4 83... h1=Q# {
Hossa checkmated} 0-1